| 000 | 01339nam a2200409 i 4500 | ||
|---|---|---|---|
| 001 | 16633 | ||
| 003 | KOSZ 005 | ||
| 005 | 20200724111557.0 | ||
| 008 | 060727s1974 pl a f f |000 0 pol | ||
| 015 | _aPB 1974/6935 | ||
| 040 |
_aWA N _cWA N _dKOSZ 005/HR |
||
| 041 | 0 | _apol | |
| 046 | _k1974 | ||
| 080 | _a637.1 | ||
| 080 | _a637.5/.6 | ||
| 080 | _a620.2 | ||
| 080 | _a(075.8) | ||
| 245 | 0 | 0 |
_aOcena i obrót surowcami pochodzenia zwierzęcego : _bpodręcznik dla studentów akademii rolniczych / _coprac. Piotr Znaniecki [et al.]. |
| 260 |
_aWarszawa : _bPańst. Wydaw. Rolnicze i Leśne, _c1974. |
||
| 300 |
_a249, [3] s. : _bil., wykr. ; _c25 cm. |
||
| 336 |
_2rdacontent _aTekst _btxt |
||
| 337 |
_2rdamedia _aBez urządzenia pośredniczącego _bn |
||
| 338 |
_2rdacarrier _aWolumin _bnc |
||
| 380 | _aKsiążki | ||
| 380 | _aPublikacje dydaktyczne | ||
| 385 |
_mPoziom nauczania _aSzkoły wyzsze |
||
| 388 | _a1901-2000 | ||
| 388 | _a1945-1989 | ||
| 504 | _aBibliogr. | ||
| 650 | 4 | _aMleczarstwo | |
| 650 | 4 | _aRzeźnictwo | |
| 655 | 4 | _aPodręczniki akademickie | |
| 658 | _aRolnictwo i leśnictwo | ||
| 700 | 1 |
_aZnaniecki, Piotr _d(1911-1986) _eOpracowanie |
|
| 856 |
_uhttp://koha.tu.koszalin.pl/cgi-bin/koha/opac-detail.pl?biblionumber=16633 _yKatalog online BPK |
||
| 942 |
_2UKD _cKS |
||
| 999 |
_c16633 _d16633 |
||